000 00664nam1a22002051i 4500
001 rc\2870115
005 20240726102308.0
035 _a(NLR Aleph) 007023512
090 _a5932201
_c5932201
100 _a20110713g19271928|||y0rusy50 ca
101 0 _arus
102 _aRU
105 _ay f |||||
200 1 _aЭнциклопедия теплотехника
_eТ. 2-
_fПод общ. ред. проф. А.Н. Иванова
210 _aМосква
_aЛенинград
_cМоск. акционер. изд. о-во
_d1927-1928
702 1 _aИванов
_bА.Н.
_4340
801 0 _aRU
_bNLR
_gpsbo
801 1 _aRU
_bELAR
_2rusmarc
852 _aNLR
_j26/835
942 _cBOOK